[Event "Rubinstein Memorial op-D 57th"]
[Site "Polanica Zdroj"]
[Date "2021.08.22"]
[Round "9"]
[White "Trembowiecka Wysota, Aleksandra"]
[Black "Jablonski, Miroslaw"]
[Result "0-1"]
[WhiteElo "1693"]
[BlackElo "1826"]
[PlyCount "78"]
[EventDate "2021.08.14"]
[EventType "swiss"]
[EventRounds "9"]
[EventCountry "POL"]
[SourceTitle "CBM 204 Extra"]
[Source "ChessBase"]
[SourceDate "2021.11.30"]
[SourceVersion "1"]
[SourceVersionDate "2021.11.30"]
[SourceQuality "1"]

1. e4 c5 2. Nf3 d6 3. d4 cxd4 4. Nxd4 Nf6 5. Nc3 a6 6. f3 e5 7. Nb3 Be6 8. Be3 Be7 9. Qd2 Nbd7 10. g4 b5 11. g5 Nh5 12. a4 b4 13. Nd5 Bxd5 14. exd5 h6 15. gxh6 Bh4+ 16. Ke2 g5 17. Qxb4 Ndf6 18. Rd1 Qe7 19. Rd3 Nf4+ 20. Bxf4 exf4+ 21. Kd1 0-0 22. Qd2 Rfe8 23. Bh3 Qe5 24. c3 Kh7 25. Na5 Qe7 26. Rg1 Qa7 27. Rg2 Re1+ 28. Kc2 Rae8 29. Nc6 Qb6 30. Rd4 Nxd5 31. Qd3+ Kh8 32. Rxd5 Qxc6 33. Qd4+ R8e5 34. Rxd6 Qxf3 35. Rd8+ Kh7 36. Bf5+ Kxh6 37. Qd6+ Kg7 38. Rh8 Qxg2+ 39. Kb3 Qd5+ 0-1

[Event "Rubinstein Memorial op-D 57th"]
[Site "Polanica Zdroj"]
[Date "2021.08.18"]
[Round "5"]
[White "Trembowiecka Wysota, Aleksandra"]
[Black "Rychlik, Michal"]
[Result "1/2-1/2"]
[WhiteElo "1693"]
[BlackElo "1225"]
[PlyCount "46"]
[EventDate "2021.08.14"]
[EventType "swiss"]
[EventRounds "9"]
[EventCountry "POL"]
[SourceTitle "CBM 204 Extra"]
[Source "ChessBase"]
[SourceDate "2021.11.30"]
[SourceVersion "1"]
[SourceVersionDate "2021.11.30"]
[SourceQuality "1"]

1. e4 e5 2. Nf3 Nc6 3. Bb5 a6 4. Ba4 Nf6 5. d3 Bc5 6. 0-0 d6 7. h3 0-0 8. c3 Ba7 9. Re1 Ne7 10. Bg5 Ng6 11. Nbd2 h6 12. Be3 Bxe3 13. Rxe3 Nh7 14. Bb3 Kh8 15. d4 Qf6 16. Nf1 Nf4 17. Ng3 g5 18. Nh2 Bxh3 19. Nh5 Nxh5 20. Qxh5 Bd7 21. dxe5 dxe5 22. Rf3 Qg7 23. Rxf7 Rxf7 1/2-1/2

[Event "Rubinstein Memorial op-D 57th"]
[Site "Polanica Zdroj"]
[Date "2021.08.16"]
[Round "3"]
[White "Trembowiecka Wysota, Aleksandra"]
[Black "Jankowski, Franciszek"]
[Result "1/2-1/2"]
[WhiteElo "1693"]
[BlackElo "1368"]
[PlyCount "105"]
[EventDate "2021.08.14"]
[EventType "swiss"]
[EventRounds "9"]
[EventCountry "POL"]
[SourceTitle "CBM 204 Extra"]
[Source "ChessBase"]
[SourceDate "2021.11.30"]
[SourceVersion "1"]
[SourceVersionDate "2021.11.30"]
[SourceQuality "1"]

1. e4 c6 2. d4 d5 3. Nc3 dxe4 4. Nxe4 Bf5 5. Ng3 Bg6 6. c3 e6 7. Nf3 Nd7 8. Bd3 Bxd3 9. Qxd3 Ngf6 10. 0-0 Bd6 11. Ng5 0-0 12. Be3 h6 13. N5e4 Nxe4 14. Nxe4 Nc5 15. Nxc5 Bxc5 16. Bxh6 Bxd4 17. Qg3 Bf6 18. f4 Qb6+ 19. Rf2 Rfd8 20. f5 exf5 21. Be3 Qb5 22. a4 Qb3 23. Raf1 Rd1 24. Rxf5 Rxf1+ 25. Rxf1 Qe6 26. Bxa7 Bh4 27. Qxh4 Rxa7 28. Rf3 Qd6 29. Re3 Ra8 30. a5 Qc5 31. Qe4 Qxa5 32. b4 Qd5 33. Qxd5 cxd5 34. Rd3 Ra3 35. Rxd5 Rxc3 36. Rd7 b5 37. Rd5 g6 38. Rxb5 Kg7 39. Kf2 Kf6 40. Rc5 Rb3 41. b5 Ke6 42. h4 Kd6 43. Rg5 Ke6 44. h5 gxh5 45. Rxh5 f6 46. Ke2 Kd6 47. Rf5 Ke6 48. Rc5 Ke7 49. Kf2 Ke6 50. g4 Ke7 51. Rc7+ Kd6 52. Rb7 Ke5 53. b6 1/2-1/2

[Event "POL-chT U20 1st League"]
[Site "Suchedniow"]
[Date "2016.07.28"]
[Round "6.5"]
[White "Kostecka, Marika"]
[Black "Trembowiecka Wysota, Aleksandra"]
[Result "1-0"]
[WhiteElo "1693"]
[BlackElo "1493"]
[PlyCount "61"]
[EventDate "2016.07.23"]
[EventType "team-tourn"]
[EventRounds "9"]
[EventCountry "POL"]
[SourceTitle "EXT 2019"]
[Source "ChessBase"]
[SourceDate "2018.10.10"]
[SourceVersion "1"]
[SourceVersionDate "2018.10.10"]
[SourceQuality "1"]

1. e4 c5 2. Nf3 d6 3. d4 cxd4 4. Nxd4 Nf6 5. Nc3 a6 6. Be3 e5 7. Nb3 Be6 8. Qd2 Be7 9. f3 0-0 10. 0-0-0 Nbd7 11. g4 b5 12. g5 b4 13. Na4 Nh5 14. Rg1 a5 15. Kb1 Qc7 16. Nc1 Qc6 17. b3 Nc5 18. Nb2 a4 19. Nbd3 Nxd3 20. Nxd3 axb3 21. cxb3 Rfb8 22. Nxb4 Qb7 23. Nd5 Bd8 24. h4 Ba5 25. Qd3 Qd7 26. Rg2 f5 27. gxf6 g6 28. Ne7+ Kf7 29. Qxd6 Qa4 30. Nd5 Nxf6 31. Qe7+ 1-0

[Event "POL-ch U16 Girls"]
[Site "Szklarska Poreba"]
[Date "2016.03.20"]
[Round "9"]
[White "Szelag, Zuzanna"]
[Black "Trembowiecka Wysota, Aleksandra"]
[Result "1-0"]
[WhiteElo "1688"]
[BlackElo "1503"]
[PlyCount "103"]
[EventDate "2016.03.13"]
[EventType "swiss"]
[EventRounds "9"]
[EventCountry "POL"]
[SourceTitle "EXT 2018"]
[Source "ChessBase"]
[SourceDate "2017.10.13"]
[SourceVersion "1"]
[SourceVersionDate "2017.10.13"]
[SourceQuality "1"]

1. e4 c5 2. Nf3 d6 3. d4 cxd4 4. Nxd4 Nf6 5. Nc3 g6 6. Be3 Bg7 7. f3 0-0 8. Qd2 Nc6 9. g4 Be6 10. h4 Nxd4 11. Bxd4 d5 12. exd5 Nxd5 13. Bxg7 Kxg7 14. 0-0-0 Nb4 15. Qf4 Qa5 16. a3 Nc6 17. h5 Qe5 18. Qd2 g5 19. h6+ Kh8 20. Rh5 Rg8 21. Ne4 Rad8 22. Bd3 f6 23. Re1 Qd5 24. Nc3 Qd6 25. Nb5 Qd5 26. Nc3 Qd6 27. Qe2 Bf7 28. Rhh1 Rge8 29. Kb1 Nd4 30. Qe3 a6 31. Be4 b5 32. Rd1 b4 33. Ne2 e5 34. axb4 Qxb4 35. Qc3 Qa4 36. Nc1 Ne2 37. Qc6 Nc3+ 38. Qxc3 Rc8 39. Qa3 Qc4 40. Rhe1 Rb8 41. Re3 Rb6 42. Rd7 Reb8 43. b3 Kg8 44. Red3 Rc8 45. Rd2 Rb5 46. Rd8+ Be8 47. Bd5+ Rxd5 48. bxc4 Rdxd8 49. Rxd8 Rxd8 50. Qe7 Rb8+ 51. Nb3 Bg6 52. Qg7# 1-0

[Event "POL-ch U16 Girls"]
[Site "Szklarska Poreba"]
[Date "2016.03.13"]
[Round "1"]
[White "Trembowiecka Wysota, Aleksandra"]
[Black "Gredka, Dominika"]
[Result "0-1"]
[WhiteElo "1503"]
[BlackElo "1690"]
[PlyCount "128"]
[EventDate "2016.03.13"]
[EventType "swiss"]
[EventRounds "9"]
[EventCountry "POL"]
[SourceTitle "EXT 2018"]
[Source "ChessBase"]
[SourceDate "2017.10.13"]
[SourceVersion "1"]
[SourceVersionDate "2017.10.13"]
[SourceQuality "1"]

1. e4 e5 2. Nf3 d6 3. d4 exd4 4. Nxd4 Nf6 5. Nc3 Be7 6. Bd3 0-0 7. 0-0 Re8 8. Re1 Nbd7 9. Nf5 Bf8 10. Bg5 c6 11. f4 Qb6+ 12. Kh1 Qxb2 13. Na4 Qb4 14. c3 Qa5 15. Nb2 Qc7 16. Qf3 h6 17. Bh4 g6 18. Nd4 Bg7 19. g4 a6 20. g5 hxg5 21. Bxg5 c5 22. Nc2 b5 23. c4 Bb7 24. a4 b4 25. Rab1 Nf8 26. Bxf6 Bxf6 27. Ne3 Bg7 28. Nd5 Qd8 29. Qg3 Nd7 30. Nd1 Nf6 31. Nf2 Nh5 32. Qg4 Nf6 33. Qg3 Bc6 34. Bc2 Rb8 35. Ng4 Bxd5 36. exd5 Nxg4 37. Qxg4 Rxe1+ 38. Rxe1 Qf6 39. f5 gxf5 40. Bxf5 b3 41. Qe4 Qe5 42. Qxe5 Bxe5 43. Rb1 b2 44. Kg2 Rb4 45. Bd3 Rxa4 46. h3 Rb4 47. Kf2 a5 48. Ke2 a4 49. Kd2 a3 50. Rg1+ Kf8 51. Bb1 Rxc4 52. Ba2 Rd4+ 53. Kc2 f5 54. Rg5 f4 55. h4 Bf6 56. Rf5 Kg7 57. h5 Re4 58. Kd2 Re5 59. h6+ Kg6 60. Rxe5 Bxe5 61. h7 Kxh7 62. Kd3 Kg6 63. Ke4 Kg5 64. Kf3 Bd4 0-1

[Event "POL-ch U14 Girls"]
[Site "Suwalki"]
[Date "2015.04.13"]
[Round "8"]
[White "Trembowiecka Wysota, Aleksandra"]
[Black "Choinska, Debora"]
[Result "1/2-1/2"]
[WhiteElo "1503"]
[BlackElo "1375"]
[PlyCount "81"]
[EventDate "2015.04.08"]
[EventType "swiss"]
[EventRounds "9"]
[EventCountry "POL"]
[SourceTitle "EXT 2017"]
[Source "ChessBase"]
[SourceDate "2016.10.25"]
[SourceVersion "1"]
[SourceVersionDate "2016.10.25"]
[SourceQuality "1"]

1. e4 e5 2. Nf3 Nf6 3. d4 Nxe4 4. Bd3 d5 5. Nxe5 Nd7 6. Nxd7 Bxd7 7. 0-0 Be7 8. c4 Nf6 9. Nc3 dxc4 10. Bxc4 0-0 11. Be3 h6 12. Qf3 Rb8 13. a4 a6 14. Nd5 Bc6 15. Nxe7+ Qxe7 16. d5 Bd7 17. Rfe1 Qb4 18. b3 b5 19. Bd3 Qg4 20. Qxg4 Bxg4 21. axb5 axb5 22. f3 Bd7 23. Be4 Rfe8 24. Bf4 Rb7 25. b4 Kf8 26. Rac1 Rc8 27. Re2 Ra7 28. Rec2 Ne8 29. d6 g5 30. Bg3 f5 31. Bf2 Ra4 32. Bb7 Rb8 33. dxc7 Rxb7 34. c8Q Bxc8 35. Rxc8 Kf7 36. Bc5 Rc7 37. Rxc7+ Nxc7 38. Rd1 Na6 39. Rb1 Ke6 40. Bf8 h5 41. Kf2 1/2-1/2

[Event "POL-ch U14 Girls"]
[Site "Suwalki"]
[Date "2015.04.11"]
[Round "5"]
[White "Trembowiecka Wysota, Aleksandra"]
[Black "Waligora, Julia"]
[Result "1-0"]
[WhiteElo "1503"]
[BlackElo "1218"]
[PlyCount "115"]
[EventDate "2015.04.08"]
[EventType "swiss"]
[EventRounds "9"]
[EventCountry "POL"]
[SourceTitle "EXT 2017"]
[Source "ChessBase"]
[SourceDate "2016.10.25"]
[SourceVersion "1"]
[SourceVersionDate "2016.10.25"]
[SourceQuality "1"]

1. e4 e6 2. d4 d5 3. Nc3 Bb4 4. e5 c5 5. a3 Bxc3+ 6. bxc3 Qa5 7. Bd2 Qa4 8. Qg4 g6 9. Nf3 Qxc2 10. Be2 Qa4 11. h4 h5 12. Qf4 Nc6 13. Ng5 Nd8 14. Rh3 c4 15. Rf3 Qd7 16. Rh3 Qe7 17. g4 f6 18. Nf3 Nf7 19. Rg3 Bd7 20. gxh5 gxh5 21. Rg7 0-0-0 22. exf6 Nxf6 23. Ne5 Rh7 24. Rxh7 Nxh7 25. Qxf7 Qxf7 26. Nxf7 Rf8 27. Ne5 Nf6 28. f3 Be8 29. 0-0-0 Rg8 30. Bg5 Nd7 31. Nxd7 Kxd7 32. f4 Bg6 33. Re1 b6 34. Bd1 Bf5 35. Bc2 Bxc2 36. Kxc2 Rg6 37. Re5 a5 38. f5 exf5 39. Rxd5+ Ke6 40. Re5+ Kd6 41. Rxf5 Ke6 42. Rb5 Kd7 43. Bd2 Ke7 44. Rxh5 Kf6 45. Rh6 Kf5 46. Rxg6 Kxg6 47. d5 Kf5 48. h5 Kf6 49. d6 Ke6 50. h6 Kxd6 51. h7 Kc5 52. h8Q Kb5 53. Qe8+ Ka6 54. Qc6 Ka7 55. Be3 Kb8 56. Bxb6 a4 57. Qc7+ Ka8 58. Qa7# 1-0

[Event "POL-ch U14 Girls"]
[Site "Suwalki"]
[Date "2015.04.10"]
[Round "4"]
[White "Pyzio, Amelia"]
[Black "Trembowiecka Wysota, Aleksandra"]
[Result "1-0"]
[WhiteElo "1384"]
[BlackElo "1503"]
[PlyCount "151"]
[EventDate "2015.04.08"]
[EventType "swiss"]
[EventRounds "9"]
[EventCountry "POL"]
[SourceTitle "EXT 2017"]
[Source "ChessBase"]
[SourceDate "2016.10.25"]
[SourceVersion "1"]
[SourceVersionDate "2016.10.25"]
[SourceQuality "1"]

1. e4 c5 2. Nf3 e6 3. d4 cxd4 4. Nxd4 a6 5. Bd3 Nf6 6. 0-0 Be7 7. Nd2 Qc7 8. Re1 Nc6 9. c3 d5 10. Qe2 Ne5 11. Bc2 Bd6 12. f4 Ng6 13. e5 Nxf4 14. Qe3 Ng4 15. Qxf4 Nxe5 16. Qh4 h6 17. N2f3 Nc4 18. Nf5 Bc5+ 19. Kh1 Kf8 20. Bf4 Qd7 21. b4 Bf2 22. Qxf2 exf5 23. Ne5 Nxe5 24. Qc5+ Kg8 25. Rxe5 g5 26. Rae1 gxf4 27. Bxf5 Qxf5 28. Rxf5 Bxf5 29. Qxd5 Be6 30. Qxb7 Rd8 31. Qc7 Kh7 32. Qxf4 Rhg8 33. c4 Rg4 34. Qc7 Rd7 35. Qc6 Rxc4 36. Qxa6 Rc2 37. h3 Rxa2 38. Rxe6 Rxa6 39. Rxa6 Rb7 40. Ra4 Kg6 41. Kg1 Kf6 42. Kf2 Ke6 43. Ke3 Rd7 44. b5 Rb7 45. Rb4 Kd5 46. Kf4 Rb6 47. g4 Rf6+ 48. Kg3 Kc5 49. Rb1 Rb6 50. Kh4 Kd5 51. g5 Ke5 52. Re1+ Kd5 53. Rf1 hxg5+ 54. Kxg5 Rg6+ 55. Kh5 Ke6 56. b6 Ke7 57. Rb1 Rg8 58. b7 Rb8 59. Kg5 Ke6 60. Rb5 f6+ 61. Kf4 Kd6 62. Kf5 Kc6 63. Rb1 Kd6 64. h4 Ke7 65. h5 Kf7 66. h6 Kg8 67. Kxf6 Kh7 68. Kf7 Kxh6 69. Ke7 Kg7 70. Kd7 Rxb7+ 71. Rxb7 Kf6 72. Rb5 Kf7 73. Kd6 Kg6 74. Ke6 Kh6 75. Kf7 Kh7 76. Rh5# 1-0

[Event "POL-ch U14 Girls"]
[Site "Suwalki"]
[Date "2015.04.08"]
[Round "1"]
[White "Trembowiecka Wysota, Aleksandra"]
[Black "Partyka, Justyna"]
[Result "1-0"]
[WhiteElo "1503"]
[BlackElo "1149"]
[PlyCount "50"]
[EventDate "2015.04.08"]
[EventType "swiss"]
[EventRounds "9"]
[EventCountry "POL"]
[SourceTitle "EXT 2017"]
[Source "ChessBase"]
[SourceDate "2016.10.25"]
[SourceVersion "1"]
[SourceVersionDate "2016.10.25"]
[SourceQuality "1"]

1. e4 e6 2. d4 d5 3. Nc3 Bb4 4. e5 c5 5. a3 Bxc3+ 6. bxc3 Ne7 7. Nf3 0-0 8. Be2 Qc7 9. 0-0 Nd7 10. Bg5 Ng6 11. Nh4 Nxh4 12. Bxh4 f6 13. Bg4 Qb6 14. Rb1 Qc6 15. f4 fxe5 16. fxe5 Rxf1+ 17. Qxf1 Nb6 18. Qf2 Bd7 19. Rf1 Qc8 20. Qf7+ Kh8 21. Qe7 Qg8 22. Bh5 Bb5 23. Rf7 Bd7 24. Rxg7 Qxg7 25. Bf6 Qxf6 1-0

[Event "POL Olympiad U14 Girls"]
[Site "Spala"]
[Date "2014.12.30"]
[Round "8.5"]
[White "Cieslak, Wiktoria"]
[Black "Trembowiecka Wysota, Aleksandra"]
[Result "1-0"]
[WhiteElo "1615"]
[BlackElo "1451"]
[PlyCount "47"]
[EventDate "2014.04.06"]
[EventType "swiss"]
[EventRounds "9"]
[EventCountry "POL"]
[SourceTitle "EXT 2023"]
[Source "ChessBase"]
[SourceDate "2022.10.05"]
[SourceVersion "1"]
[SourceVersionDate "2022.10.05"]
[SourceQuality "1"]

1. e4 c5 2. Nf3 d6 3. d4 cxd4 4. Nxd4 Nf6 5. Nc3 g6 6. Be2 Bg7 7. Be3 0-0 8. Qd2 Nc6 9. 0-0-0 Nxd4 10. Bxd4 Be6 11. f4 Qa5 12. a3 Rfc8 13. Rhf1 Rab8 14. Qe3 b5 15. f5 b4 16. fxe6 Rxc3 17. exf7+ Kh8 18. Bxc3 bxc3 19. bxc3 Qxa3+ 20. Kd2 Nxe4+ 21. Kd3 Nc5+ 22. Kd2 Bxc3+ 23. Qxc3+ Qxc3+ 24. Kxc3 1-0

[Event "POL Olympiad U14 Girls"]
[Site "Spala"]
[Date "2014.12.30"]
[Round "7.9"]
[White "Trembowiecka Wysota, Aleksandra"]
[Black "Kwiatkowska, Agnieszka"]
[Result "1-0"]
[WhiteElo "1451"]
[BlackElo "1518"]
[PlyCount "113"]
[EventDate "2014.04.06"]
[EventType "swiss"]
[EventRounds "9"]
[EventCountry "POL"]
[SourceTitle "EXT 2023"]
[Source "ChessBase"]
[SourceDate "2022.10.05"]
[SourceVersion "1"]
[SourceVersionDate "2022.10.05"]
[SourceQuality "1"]

1. e4 c5 2. Nf3 Nc6 3. d4 cxd4 4. Nxd4 e5 5. Nb5 a6 6. Nd6+ Bxd6 7. Qxd6 Qf6 8. Qxf6 Nxf6 9. Nc3 Nb4 10. Kd2 d5 11. a3 d4 12. axb4 dxc3+ 13. Ke3 cxb2 14. Bxb2 0-0 15. f3 Re8 16. Ra5 Nd7 17. Bb5 f6 18. Rd1 Re7 19. Bc4+ Kh8 20. Bd5 Ra7 21. c4 h6 22. Rc1 Nb8 23. b5 b6 24. Ra2 axb5 25. Rxa7 Rxa7 26. cxb5 Bd7 27. Rc3 Kh7 28. Bc4 Be8 29. Bd3 Bf7 30. Ba3 Nd7 31. Bd6 Rb7 32. Rc7 Rxc7 33. Bxc7 Kg8 34. Kd2 Kf8 35. Kc3 Ke7 36. Bc4 Bxc4 37. Kxc4 Ke6 38. g3 g6 39. g4 f5 40. gxf5+ gxf5 41. exf5+ Kxf5 42. Kd5 Kf4 43. Kc6 Nc5 44. Bxb6 Na4 45. Bc7 h5 46. b6 Nxb6 47. Kxb6 Kxf3 48. Bxe5 h4 49. Kc5 Ke4 50. Bf6 h3 51. Bh4 Kf3 52. Bg3 Kg4 53. Kd5 Kf5 54. Be5 Kg6 55. Ke4 Kh5 56. Kf5 Kh6 57. Ke4 1-0

[Event "POL-chT U19 45th"]
[Site "Maslow Pierwszy"]
[Date "2014.07.26"]
[Round "2"]
[White "Malinowska, Monika"]
[Black "Trembowiecka Wysota, Aleksandra"]
[Result "1-0"]
[WhiteElo "1338"]
[BlackElo "1455"]
[PlyCount "53"]
[EventDate "2014.07.25"]
[EventType "team-tourn"]
[EventRounds "9"]
[EventCountry "POL"]
[SourceTitle "EXT 2015"]
[Source "ChessBase"]
[SourceDate "2014.11.20"]
[SourceVersion "1"]
[SourceVersionDate "2014.11.20"]
[SourceQuality "1"]
[WhiteTeam "Gorzow Wielkopolski Stilon U19"]
[BlackTeam "Koszalin Hetman Politechnika U19"]
[WhiteTeamCountry "POL"]
[BlackTeamCountry "POL"]

1. d4 Nf6 2. c4 g6 3. Nc3 Bg7 4. e4 d6 5. f4 0-0 6. Nf3 Nbd7 7. Bd3 c5 8. d5 e6 9. dxe6 fxe6 10. 0-0 Nb6 11. Qc2 d5 12. e5 Nh5 13. Ng5 dxc4 14. Bxg6 hxg6 15. Qxg6 Qd4+ 16. Rf2 Nf6 17. h4 Qd3 18. f5 exf5 19. Bf4 Qd7 20. exf6 Rxf6 21. Qh7+ Kf8 22. Rd1 Qe7 23. Re2 Rh6 24. Rxe7 Rxh7 25. Rf7+ Ke8 26. Re1+ Kd8 27. Bc7# 1-0

[Event "EU-ch U12 Girls 23rd"]
[Site "Budva"]
[Date "2013.10.07"]
[Round "8"]
[White "Trembowiecka Wysota, Aleksandra"]
[Black "Ortin Blanco, Ainhoa"]
[Result "1-0"]
[WhiteElo "1408"]
[BlackElo "1692"]
[PlyCount "139"]
[EventDate "2013.09.29"]
[EventType "swiss"]
[EventRounds "9"]
[EventCountry "MNE"]
[SourceTitle "EXT 2014"]
[Source "ChessBase"]
[SourceDate "2013.11.20"]
[SourceVersion "1"]
[SourceVersionDate "2013.11.20"]
[SourceQuality "1"]

1. e4 c5 2. Nf3 Nc6 3. d4 cxd4 4. Nxd4 g6 5. Nc3 Bg7 6. Be3 Nf6 7. Bc4 Qa5 8. 0-0 0-0 9. Bb3 d6 10. h3 Bd7 11. f4 Qh5 12. Qxh5 Nxh5 13. Rad1 Nxd4 14. Bxd4 Bc6 15. Nd5 Rae8 16. Bxg7 Nxg7 17. f5 Nh5 18. fxg6 hxg6 19. Rf3 Bb5 20. Rd2 Bc6 21. Rdf2 e6 22. Nc3 Rd8 23. g4 Ng7 24. h4 d5 25. exd5 exd5 26. Rd3 d4 27. Ne2 Ne6 28. Bxe6 fxe6 29. Rxf8+ Kxf8 30. Nxd4 Re8 31. Nxc6 bxc6 32. Rd6 Ke7 33. Rxc6 Kd7 34. Ra6 Ra8 35. Kf2 Ke7 36. Ke3 Kf6 37. Kf4 Rf8 38. Rxa7 g5+ 39. hxg5+ Kg6+ 40. Ke5 Kxg5 41. Kxe6 Kxg4 42. c4 Rf2 43. b4 Rc2 44. Kd5 Rd2+ 45. Kc6 Kf5 46. b5 Ke6 47. c5 Rb2 48. b6 Ke5 49. b7 Kd4 50. Ra4+ Ke5 51. Kc7 Kd5 52. b8Q Rxb8 53. Kxb8 Kxc5 54. Rh4 Kb6 55. Rh5 Kc6 56. Ka7 Kc7 57. Rc5+ Kd8 58. Kb7 Ke8 59. a4 Kd8 60. a5 Ke8 61. a6 Kd8 62. a7 Ke8 63. a8Q+ Ke7 64. Rc7+ Kf6 65. Qa6+ Kg5 66. Rc5+ Kh4 67. Qa4+ Kh3 68. Rc3+ Kh2 69. Qa2+ Kh1 70. Rc1# 1-0

[Event "EU-ch U12 Girls 23rd"]
[Site "Budva"]
[Date "2013.10.02"]
[Round "4"]
[White "Trembowiecka Wysota, Aleksandra"]
[Black "Manova, Ivana"]
[Result "1-0"]
[WhiteElo "1408"]
[BlackElo "1678"]
[PlyCount "161"]
[EventDate "2013.09.29"]
[EventType "swiss"]
[EventRounds "9"]
[EventCountry "MNE"]
[SourceTitle "EXT 2014"]
[Source "ChessBase"]
[SourceDate "2013.11.20"]
[SourceVersion "1"]
[SourceVersionDate "2013.11.20"]
[SourceQuality "1"]

1. e4 c5 2. Nf3 d6 3. d4 cxd4 4. Nxd4 Nf6 5. Nc3 Nc6 6. Be3 e5 7. Ndb5 a6 8. Na3 h6 9. Nd5 Nxd5 10. exd5 Nb8 11. c4 Be7 12. Bd3 0-0 13. 0-0 f5 14. f4 e4 15. Be2 Nd7 16. Nc2 Nf6 17. Nd4 Qc7 18. Rc1 Bd7 19. Nb3 Ba4 20. Qd2 Bxb3 21. axb3 Rac8 22. Rfd1 Rfd8 23. Qb4 Qd7 24. Qa5 Nh7 25. b4 Rf8 26. c5 Nf6 27. c6 bxc6 28. Bxa6 Nxd5 29. Bxc8 Rxc8 30. Qa3 Nxe3 31. Qxe3 d5 32. Qd2 Rb8 33. Qc3 Rb6 34. b5 c5 35. Qe5 d4 36. b4 Rxb5 37. bxc5 Bf6 38. Qd6 Qxd6 39. cxd6 Rd5 40. Rc6 e3 41. Rd3 Kh7 42. Kf1 Kg6 43. Ke2 Kh5 44. Kf3 Kg6 45. Rd1 Kh5 46. Re1 Kg6 47. g4 fxg4+ 48. Ke4 Ra5 49. d7 Ra8 50. Rc8 Ra7 51. d8Q Bxd8 52. Rxd8 Ra2 53. Rxd4 Rxh2 54. Rxe3 Rf2 55. Rg3 Kh5 56. Rdd3 Kh4 57. Rg1 Rh2 58. Rdg3 h5 59. Kf5 Rh3 60. R3g2 g3 61. Kg6 Kg4 62. f5 h4 63. Rf1 Rh2 64. Rxh2 gxh2 65. Kxg7 h1Q 66. Rxh1 Kxf5 67. Rxh4 Ke5 68. Rh6 Kf5 69. Ra6 Ke5 70. Kf7 Kd5 71. Ke7 Kc5 72. Kd7 Kb5 73. Rh6 Kc5 74. Rg6 Kb5 75. Kc7 Ka5 76. Kb7 Kb5 77. Rg5+ Kc4 78. Kb6 Kd4 79. Kc6 Ke4 80. Kd6 Kf4 81. Ra5 1-0

[Event "EU-ch U12 Girls 23rd"]
[Site "Budva"]
[Date "2013.09.29"]
[Round "1"]
[White "Koridze, Lile"]
[Black "Trembowiecka Wysota, Aleksandra"]
[Result "1-0"]
[WhiteElo "1691"]
[BlackElo "1408"]
[PlyCount "63"]
[EventDate "2013.09.29"]
[EventType "swiss"]
[EventRounds "9"]
[EventCountry "MNE"]
[SourceTitle "EXT 2014"]
[Source "ChessBase"]
[SourceDate "2013.11.20"]
[SourceVersion "1"]
[SourceVersionDate "2013.11.20"]
[SourceQuality "1"]

1. d4 Nf6 2. c4 g6 3. Nc3 Bg7 4. e4 d6 5. Nf3 0-0 6. Bd3 e5 7. h3 Nbd7 8. 0-0 Ne8 9. Bc2 f5 10. exf5 gxf5 11. Bg5 Bf6 12. Bh6 Bg7 13. Bxg7 Nxg7 14. dxe5 dxe5 15. Qd5+ Kh8 16. Nxe5 Nxe5 17. Qxe5 Qd2 18. Bb3 Qxb2 19. Rab1 Qd2 20. Rfd1 Qg5 21. Qxc7 f4 22. Ne4 Qg6 23. Qd6 Ne6 24. Qe5+ Kg8 25. c5 Rf5 26. Rd8+ Rf8 27. Rxf8+ Kxf8 28. Rd1 f3 29. g3 b6 30. Rd6 Ke7 31. Bxe6 Bxe6 32. Ng5 1-0

[Event "POL Olympiad U12 Girls"]
[Site "Walbrzych"]
[Date "2013.??.??"]
[Round "9.5"]
[White "Trembowiecka Wysota, Aleksandra"]
[Black "Swiech, Joanna"]
[Result "1-0"]
[WhiteElo "1367"]
[BlackElo "1554"]
[PlyCount "105"]
[EventDate "2013.04.??"]
[EventType "team-swiss"]
[EventRounds "9"]
[EventCountry "POL"]
[SourceTitle "EXT 2015"]
[Source "ChessBase"]
[SourceDate "2014.11.20"]
[SourceVersion "1"]
[SourceVersionDate "2014.11.20"]
[SourceQuality "1"]

1. e4 e6 2. d4 d5 3. Nc3 Nf6 4. e5 Nfd7 5. Nf3 c5 6. dxc5 Bxc5 7. Bd3 Nc6 8. Bf4 0-0 9. Bxh7+ Kh8 10. Bd3 g6 11. Bh6 Rg8 12. Bg5 Be7 13. Qd2 Bxg5 14. Nxg5 Kg7 15. f4 a6 16. h4 Rh8 17. g4 Nd4 18. 0-0-0 Qb6 19. h5 gxh5 20. gxh5 Kf8 21. h6 Nb5 22. Rdg1 Rxh6 23. Nh7+ Ke7 24. f5 Rxh1 25. Qg5+ f6 26. exf6+ Kd6 27. Rxh1 Nxc3 28. bxc3 Qc5 29. Qf4+ e5 30. Qb4 Qxb4 31. cxb4 b5 32. Rh6 Bb7 33. Ng5 e4 34. Be2 Nf8 35. Bg4 Rb8 36. Ne6 Ra8 37. Kd2 Bc6 38. Nxf8 Rxf8 39. f7+ Kc7 40. Bh5 Bb7 41. Rh7 Kd7 42. Rg7 Ke7 43. Rg8 Rxf7 44. Bxf7 Kxf7 45. Rb8 Bc6 46. Rb6 Bd7 47. Rxa6 Bxf5 48. Ke3 Be6 49. a4 bxa4 50. b5 a3 51. Rxa3 Ke7 52. b6 Kd7 53. Rc3 1-0

[Event "POL Olympiad U12 Girls"]
[Site "Walbrzych"]
[Date "2013.??.??"]
[Round "8.7"]
[White "Trusz, Julia"]
[Black "Trembowiecka Wysota, Aleksandra"]
[Result "1/2-1/2"]
[WhiteElo "1495"]
[BlackElo "1367"]
[PlyCount "80"]
[EventDate "2013.04.??"]
[EventType "team-swiss"]
[EventRounds "9"]
[EventCountry "POL"]
[SourceTitle "EXT 2015"]
[Source "ChessBase"]
[SourceDate "2014.11.20"]
[SourceVersion "1"]
[SourceVersionDate "2014.11.20"]
[SourceQuality "1"]

1. e4 c5 2. Nf3 d6 3. c3 Nf6 4. h3 a6 5. Bd3 b5 6. 0-0 e6 7. Bc2 Nbd7 8. d4 Bb7 9. Re1 cxd4 10. cxd4 Rc8 11. a3 Qc7 12. Bd3 Bxe4 13. Nc3 Bxd3 14. Qxd3 d5 15. Bg5 Be7 16. Rac1 Qd8 17. Re2 0-0 18. Rec2 Nb6 19. Ne5 Nc4 20. Qg3 Kh8 21. Qf3 h6 22. Bxf6 Bxf6 23. Qh5 Nxe5 24. dxe5 Bg5 25. Rd1 d4 26. Re2 d3 27. Re4 Rc4 28. Qf3 d2 29. Re2 Qc7 30. g3 Rd4 31. h4 Be7 32. Rexd2 Rxd2 33. Rxd2 Qxe5 34. Rd7 Bf6 35. Qb7 Qe1+ 36. Kg2 Kg8 37. Rd1 Qe5 38. Qxa6 Rb8 39. Qc6 b4 40. axb4 Rxb4 1/2-1/2